UBT Library

The story of human development / (Record no. 1182)

000 -LEADER
fixed length control field 00600nam a22001937a 4500
008 - FIXED-LENGTH DATA ELEMENTS--GENERAL INFORMATION
fixed length control field 150925b xxu||||| |||| 00| 0 eng d
020 ## - INTERNATIONAL STANDARD BOOK NUMBER
International Standard Book Number 9780130307521
041 0# - LANGUAGE CODE
Language code of text/sound track or separate title eng
080 ## - UNIVERSAL DECIMAL CLASSIFICATION NUMBER
Universal Decimal Classification number 301.151
100 1# - Rafti
Rafti Poole, Debra A.
245 14 - TITLE STATEMENT
Title The story of human development /
Statement of responsibility, etc Debra A. Poole, Amye Warren, Narina Nuñez.
250 ## -
-- 1st ed.
260 ## -
-- Upper Saddle River, NJ :
-- Pearson/Prentice Hall,
-- 2007.
300 ## -
-- xx, 669, [71] f. :
-- me il.;
-- 28 cm.
-- 1 CD-ROM (4 3/4 in.)
650 #0 -
-- Zhvillimi psikologjik
700 1# -
-- Nuñez, Narina.
700 1# -
-- Warren, Amye.
942 ## - ADDED ENTRY ELEMENTS (KOHA)
Source of classification or shelving scheme
Item type Books
Holdings
Withdrawn status Lost status Source of classification or shelving scheme Damaged status Not for loan Collection code Permanent location Current location Shelving location Date acquired Total Checkouts Full call number Barcode Date last seen Price effective from Koha item type
          Koleksioni i përgjithshem UBT - Lipjan UBT - Lipjan Koleksioni i përgjithshem 09/25/2015   301.151 POO 002-007730 09/25/2015 09/25/2015 Books
UBT Library © 2015-2024. All rights reserved University Education for Business and Technology